[Event "CZE-chT U18 Extraliga Ost 1516"]
[Site "Czech Republic"]
[Date "2016.01.23"]
[Round "6.5"]
[White "Zejdlik, Erik"]
[Black "Dvorakova, Olga"]
[Result "1/2-1/2"]
[WhiteElo "1509"]
[BlackElo "1446"]
[PlyCount "42"]
[EventDate "2015.10.03"]
[EventType "team-tourn"]
[EventRounds "11"]
[EventCountry "CZE"]
[SourceTitle "EXT 2022"]
[Source "ChessBase"]
[SourceDate "2021.10.06"]
[SourceVersion "1"]
[SourceVersionDate "2021.10.06"]
[SourceQuality "1"]
[WhiteTeam "Polabiny U18 II"]
[BlackTeam "Brno Duras U18"]
[WhiteTeamCountry "CZE"]
[BlackTeamCountry "CZE"]

1. d4 Nf6 2. Nf3 e6 3. Bf4 b6 4. c3 Bb7 5. e3 Be7 6. Bd3 0-0 7. h3 c5 8. 0-0 Nc6 9. Nbd2 Rc8 10. Rc1 d5 11. Re1 Bd6 12. Bxd6 Qxd6 13. Qe2 e5 14. Ba6 Bxa6 15. Qxa6 e4 16. Nh2 c4 17. Qa4 Nh5 18. Qd1 Nf6 19. Ng4 Nd7 20. g3 f5 21. Nh2 Qh6 1/2-1/2

[Event "CZE-chT U18 Extraliga Ost 1516"]
[Site "Czech Republic"]
[Date "2015.10.04"]
[Round "4.5"]
[White "Mica, Marek"]
[Black "Zejdlik, Erik"]
[Result "1/2-1/2"]
[WhiteElo "1737"]
[BlackElo "1509"]
[PlyCount "172"]
[EventDate "2015.10.03"]
[EventType "team-tourn"]
[EventRounds "11"]
[EventCountry "CZE"]
[SourceTitle "EXT 2022"]
[Source "ChessBase"]
[SourceDate "2021.10.06"]
[SourceVersion "1"]
[SourceVersionDate "2021.10.06"]
[SourceQuality "1"]
[WhiteTeam "Frydek Mistek U18"]
[BlackTeam "Polabiny U18 II"]
[WhiteTeamCountry "CZE"]
[BlackTeamCountry "CZE"]

1. d4 d5 2. c4 c6 3. Nc3 Nf6 4. Nf3 Bf5 5. Bg5 e6 6. Qb3 Qb6 7. c5 Qxb3 8. axb3 Nbd7 9. b4 Be7 10. b5 0-0 11. e3 h6 12. Bh4 g5 13. Bg3 Ne4 14. bxc6 bxc6 15. Nxe4 Bxe4 16. b4 Bxf3 17. gxf3 f6 18. b5 Rfc8 19. bxc6 Nxc5 20. dxc5 Rxc6 21. Bd6 Bxd6 22. cxd6 Rxd6 23. Ra6 Rb6 24. Ra1 a5 25. Bd3 Kf7 26. Kd2 Rb2+ 27. Bc2 Rc8 28. Rhc1 Rc5 29. Kd1 Kg7 30. Kd2 f5 31. Ra3 Kg6 32. Rc3 Rcb5 33. Ra1 Kh5 34. Raa3 Kh4 35. Rc6 Rb6 36. Rxb6 Rxb6 37. Rxa5 Kh3 38. Ra7 Kxh2 39. Rh7 Kg2 40. Ke1 Kxf3 41. Rxh6 Ra6 42. Rh3+ Kg4 43. Rh8 f4 44. Bd1+ Kf5 45. Rf8+ Ke5 46. Bc2 fxe3 47. fxe3 Rc6 48. Kd2 Rc4 49. Rg8 Rg4 50. Bd1 Rg3 51. Rg6 d4 52. exd4+ Kxd4 53. Rxe6 Rg2+ 54. Ke1 Rb2 55. Be2 Ra2 56. Kf2 Ra5 57. Bf3 Kc3 58. Kg3 Kd4 59. Kg4 Re5 60. Rf6 Ke3 61. Kh5 Rc5 62. Bg4 Kd4 63. Bf5 g4 64. Kxg4 Kc4 65. Kf4 Kb4 66. Be4 Kc4 67. Ke3 Kc3 68. Rf1 Kc4 69. Rc1+ Kb5 70. Rb1+ Kc4 71. Ra1 Kb5 72. Kd4 Rc4+ 73. Kd5 Rc5+ 74. Kd6 Kb6 75. Bd5 Ra5 76. Rc1 Rb5 77. Bc6 Rb2 78. Rc5 Rd2+ 79. Bd5 Rb2 80. Rc8 Ka5 81. Kc5 Rb5+ 82. Kc4 Rb6 83. Bc6 Ra6 84. Kc5 Rb6 85. Rd8 Ra6 86. Rh8 Rb6 1/2-1/2

[Event "CZE-ch U10"]
[Site "Kouty nad Desnou"]
[Date "2012.03.12"]
[Round "3"]
[White "Svanda, Ondrej"]
[Black "Zejdlik, Erik"]
[Result "0-1"]
[WhiteElo "1406"]
[BlackElo "1250"]
[PlyCount "70"]
[EventDate "2012.03.10"]
[EventType "swiss"]
[EventRounds "9"]
[EventCountry "CZE"]
[SourceTitle "EXT 2013"]
[Source "ChessBase"]
[SourceDate "2012.11.22"]
[SourceVersion "1"]
[SourceVersionDate "2012.11.22"]
[SourceQuality "1"]

1. e4 e5 2. Nf3 Nc6 3. Bc4 Nf6 4. Ng5 d5 5. exd5 Nxd5 6. d4 exd4 7. Nxf7 Qe7+ 8. Qe2 Qxe2+ 9. Kxe2 Kxf7 10. Bxd5+ Be6 11. Bxe6+ Kxe6 12. Re1 Bd6 13. Kf1+ Kf7 14. c3 Rhe8 15. Rd1 dxc3 16. Nxc3 Rad8 17. Bg5 Rd7 18. Bf4 Red8 19. Bg5 Be7 20. Bxe7 Rxd1+ 21. Rxd1 Rxd1+ 22. Nxd1 Kxe7 23. Nc3 a6 24. a3 Na5 25. Ke2 Nc4 26. Na4 b5 27. Nc5 a5 28. Na6 Kd6 29. b4 a4 30. Nc5 Nxa3 31. f4 Nc4 32. g4 a3 33. h4 a2 34. Nb3 Kd5 35. Kf3 Nd2+ 0-1